Clubes por nacionalidades predominantes - Estadísticas

Estadísticas generales
  • Esta prueba ha sido intentada 32 veces
  • La puntuación promedio es 10 de 20
Estadísticas de respuestas
Equipo Nativos País % Correcto
Real Madrid 4 Francia
100%
Atlético de Madrid 6 Argentina
97%
Barcelona 2 Polonia
70%
Real Sociedad 2 Venezuela | Francia | Croacia | Japón
60%
Real Betis 3 Argentina
57%
Levante 1 Australia | Alemania | Argentina | Panamá | Uruguay | Ghana | Honduras | Francia | Camerún | República Centroafricana | Israel
57%
Osasuna 1 Grecia | Camerún | Francia | Croacia | Surinam
57%
Deportivo Alavés 2 Argentina
53%
Elche 2 Argentina | Portugal
50%
Athletic Club 1 Ghana | México | Marruecos
50%
Espanyol 1 Serbia | Uruguay | Marruecos | Alemania | República Democrática del Congo | Inglaterra
50%
Rayo Vallecano 2 Senegal | Argentina
47%
Valencia 2 Suiza | Portugal | Argentina
47%
Sevilla 3 Francia
43%
Getafe 3 Uruguay | Marruecos
43%
Mallorca 2 Francia
37%
Celta de Vigo 2 Suecia
37%
Girona 3 Ucrania
33%
Villarreal 2 Senegal | Canadá | Costa de Marfil
27%
Real Oviedo 3 Uruguay
13%
No se encontraron pruebas coincidentes
Distribución de puntuación
Porcentaje de gente con cada puntuación
Porcentaje por número respondido
Historial de tus puntuaciones
No has intentado esta prueba.